01466njm a2200289Ia 450000100060000000300090000600500170001500800410003204000130007304000130008604100120009910000190011110000180013010000380014824500640018625000110025026000110026126000570027230000100032930000290033950001920036850502940056065000560085470000690091070000990097970000980107820207IT-RoPAU20220918181137.0131025s9999 xx 000 0 und d aIT-RoPAU cIT-RoPAU aINGLESE aTownshend Pete eAutore musica gCodice Autore Musica SPICS: 13253 aTommy vol.1 (colonna sonora originale del film)-Lp 2486 161 a1a ed. aITALIA bPOLYDORc1975 [1a Ed.:1975 - Ed. Lingua Orig.: 1975] aDISCO c46 minuti (Testo: pag.) aInterpreti; Turner Tina - Margret Ann - Reed Oliver - Nicholas Paul - Moon Keith - Elton John - Newman Margo - Brown Vicki - Dowling Alison - Clapton Eric. Film della storia del rock who" aPrologue 1945 - Captain Walker It's a Boy - Bernie's Holiday Camp - 1951 What About The Boy? - Amazing Journey - Christmas - Acid Queen - Do You Think It's Alright - Sparks - Extra, Extra, Extra - Pinball Wizard - Eyesight To the Blind (4:00) - Cousin Kevin (4:00) - Fidlle About (2:00) aCOLONNA SONORA [DISCHI]eCodice MATERIA SPICS: 9950 4Autore musicaaTownshend PetedCodice autore musica SPICS: 13253 4Autore musica aWilliamson Sonny BoydCodice autore musica SPICS: 13256pEyesight To the Blind 4Autore musicaaEntwistle JohndCodice autore musica SPICS: 13257pCousin Kevin - Fidlle About